Hemispheric American studies (Record no. 128570)
[ view plain ]
| 000 -LEADER | |
|---|---|
| fixed length control field | 01896nam a2200457 a 4500 |
| 082 04 - DEWEY DECIMAL CLASSIFICATION NUMBER | |
| Classification number | 970 |
| 245 00 - TITLE STATEMENT | |
| Title | Hemispheric American studies |
| 260 ## - PUBLICATION, DISTRIBUTION, ETC. (IMPRINT) | |
| Place of publication | New Brunswick, N.J. : |
| Name of publisher | Rutgers University Press, |
| Year of publication | c2008. |
| 300 ## - PHYSICAL DESCRIPTION | |
| Number of Pages | vii, 356 p. : |
| Other physical details | ill. |
| 650 #0 - SUBJECT ADDED ENTRY--TOPICAL TERM | |
| Topical Term | Migrations of nations. |
| Topical Term | Ethnic groups in literature. |
| Topical Term | American literature |
| Topical Term | Latin American literature |
| 700 1# - ADDED ENTRY--PERSONAL NAME | |
| Personal name | Levander, Caroline Field, |
| Personal name | Levine, Robert S. |
| 856 40 - ELECTRONIC LOCATION AND ACCESS | |
| Uniform Resource Identifier | http://site.ebrary.com/lib/rucke/Doc?id=10216868 |
No items available.
